Stati per produzione di Triticale - Statistics

Statistiche generali
  • Questo quiz è stato fatto 3 volte
  • Il punteggio medio è 9 su 10
Statistiche sulle risposte
Produzione (milioni tonnellate) Continente Nazione % Corretto
0,27 Europa Austria
100%
0,38 Asia Cina
100%
1,74 Europa Francia
100%
1,91 Europa Germania
100%
5,35 Europa Polonia
100%
0,26 Europa Romania
100%
0,29 Asia / Europa Russia
100%
0,79 Europa Spagna
100%
1,67 Europa Bielorussia
50%
0,28 Europa Ungheria
0%
Nessun quiz corrispondente trovato
Distribuzione punteggi
Percentuale di utenti per punteggio
Percentile per numero di risposta
I tuoi punteggi nel tempo
Non hai fatto questo quiz